MDQL
is popping MORE tags! Check the
thread
!
Quizzes
Events
Quiz Creation
Community
Videos
Private Events
Remove Ads
Sign In
Join for FREE
Feedback
Dark Mode
Quiz Categories
Sports
Geography
Music
Movies
Television
Just For Fun
Miscellaneous
History
Literature
Language
Science
Gaming
Entertainment
Religion
Holiday
For Kids
Quiz Lab
Recent
Popular Today
Quiz Kudos Today
Editor Picks
Curator Picks
Quizzes by...
Day
Popularity
Type
Ratings
Length
Year
Community
Subscriptions
Recent Discussions
Orange Saloon
Badges
Playlists
Quests
Create
Leaderboards
Showdown
Live 5
Trivia Bingo
Activity
Puzzle Library
Sporcle Events
Private Events
Virtual Trivia
Globe League
Become a Host
Pub Owners
SporcleCon
Opinionation
Our Games
Videos
Blog
Mobile Apps
Partnerships
Remove Ads and Go Orange
Feedback
Movies
Disney
Marvel Cinematic Universe
Movie Resume
Movie Titles
Oscar
Actor
Actress
Director
Pixar
Role
Movie Quotes
Movie Characters
Box Office
Nominee
Best Picture
Star Wars
James Bond
Horror Movies
Movies
Disney
Marvel Cinematic Universe
Movie Resume
Movie Titles
Oscar
Actor
Actress
Director
Pixar
Role
Movie Quotes
Movie Characters
Box Office
Nominee
Best Picture
Star Wars
James Bond
Horror Movies
Random Quiz
Search Sporcle
×
Quiz Lab
Quiz Lab
Movies
Marvel
Type in answers that appear in a list
Type in answers that appear in a list
Classic
Best Score? Go Orange.
MCU Quiz Stats
Can you answer all the questions to this quiz based on the Marvel Cinematic Universe
By
AJWill98
12m
40 Questions
1,385 Plays
1,385 Plays
1,385 Plays
Comments
Comments
Give Quiz Kudos
Give Quiz Kudos
-
- Ratings
hide this ad
Forced Order
Answers have to be entered in order
Answers have to be entered in order
Replay
Link that replays current quiz
Next Quiz
Link to next quiz in quiz playlist
You Got
0%
They Got
Avg Score
64%
Avg Friend Score
Upgrade to see
Score Distribution
Jump to the score distribution portion of the page
Score
0/40
Timer
12:00
0
Plays Today
Question
Answer
% Correct
In which MCU film did Black Widow debut?
Iron Man 2
91.4%
As of April 2017 how many films have there been in the MCU?
14
82%
Apart from Thor who else lifted Thor's hammer in 'Avengers: Age of Ulton'?
Vision
80%
Who is the main villain in 'Captain America: The First Avenger
Red Skull
79.5%
Who killed Tony Stark's parents?
Bucky Barnes
79.4%
What is the name of Tony Stark's father?
Howard
78.5%
In which MCU film did Hawkeye debut?
Thor
78%
What is Hawkeye's real name?
Clint Barton
77.5%
Where does Peter Parker live?
Queens
76.3%
Which superhero is played by Benedict Cumberbatch in the MCU?
Doctor Strange
75.8%
What is Captain America's shield made out of?
Vibranium
75.7%
Where does Black Panther live?
Wakanda
75.5%
Who plays the Hulk in the MCU?
Mark Ruffalo
75.3%
Which of the original six Avengers is the only one not to be mind controlled by Scarlet Witch in 'Avengers: Age of Ultron'?
Hawkeye
74.3%
What is the name of Gamora's sister?
Nebula
74.1%
Which Infinity Stone was introduced in 'Doctor Strange'?
The Time Stone
72.9%
Who is the villain of 'Iron Man'?
Iron Monger
69.5%
Who has been shown to be the big bad of the MCU?
Thanos
69%
What is the name of Thor's hammer?
Mjolnir
68.5%
Which Avenger made a cameo in Ant-
Man?
Falcon
68.3%
Question
Answer
% Correct
What is the Asgardian name for Earth?
Midgard
66%
Which Infinity Stone is held within the Tesseract?
The Space Stone
66%
Which two superheroes make their MCU debut in 'Captain America: Civil War'?
Spider-Man & Black Panther
64.4%
In 'Guardians of the Galaxy' where does the group go to meet the Collector?
Knowhere
63.3%
Which film was the last film of Phase Two of the MCU?
Ant-Man
61.6%
In the end battle of 'Guardians of the Galaxy Vol.2' which Disney character does Star-
Lord compare Yondu to?
Mary Poppins
60.3%
Which character was killed by Loki during 'The Avengers'?
Phil Coulson
58%
Where does Scott Lang get his first job after leaving prison in 'Ant-
Man'?
Baskin Robbins
54%
What is the name of the terrorist group that kidnaps Tony Stark in 'Iron Man'?
The Ten Rings
52.7%
In 'The Avengers' Tony Stark catches a S.H.I.E.L.D. agent playing what game?
Galaga
52.2%
What food do the Avengers eat in the post credits scene of 'The Avengers'?
Shawarma
52%
In 'Guardians of the Galaxy' who kills the Other?
Ronan
51.7%
In 'The Incredible Hulk' what is the real name of Abomination
Emil Blonsky
48.8%
Which two superheroes are introduced in the post credits scene of 'Captain America: The Winter Soldier'?
Quicksilver & Scarlet Witch
46.7%
In 'Thor' what is the name of the realm of the Frost Giants?
Jotunheim
46.2%
Which actor portrays Odin in the MCU?
Anthony Hopkins
45.4%
What was the real name of Ben Kingsley's character in 'Iron Man 3'?
Trevor Slattery
44.7%
Which actor voiced Ultron in 'Avengers: Age of Ultron
James Spader
42.7%
How many MCU films has Nick Fury appeared in?
7
39.6%
How many Oscars has the MCU won?
0
32.1%
Quiz Playlist
Details
Report
Send in Message
Add To Playlist
Classic:
Type in answers that appear in a list
Forced Order:
Answers have to be entered in order
Last Updated: Jun 6, 2017
Quiz Scoreboard
CHALLENGE
Sign Up to Join the Scoreboard
Show All
Scores
Hide
Comments
May contain spoilers
Recently Published
Colored Red Africa Blitz
by spor1
Geography
30s
Find the 'City' Movie
by crazypaving
Movies
60s
5x2 Blitz: Bands
by SL_Kpop136
Music
30s
More to Explore
Quiz From the Vault
Featured Blog Post
14 Easter Pick-up Lines to Find Eggs With
hide this ad
You Might Also Like...
Tags
Marvel Quiz
cinematic
Universe
Today's Top Quizzes in Movies
Browse Movies
hide this ad
Today's Top Quizzes in Marvel
Browse Marvel
Top Contributed Quizzes in Movies
1
Find The 'Big' Movie
2
Find The 'Wild' Movie
3
Find The 'Blue' Movie
4
Movies By Plot
5
Pick 5 Posters: Directed by Spielberg
6
Hidden Star Wars Character II
7
Hidden Star Wars Character III
8
Hidden Star Wars Character IV
9
Alfred Hitchcock Movies by Plot
10
Hidden Star Wars Character V
Explore More
Trending Topics
Kpop
Harry Potter
Marvel
Crossword
Disney
NBA
Anime
Pokémon
Song
Soccer
NFL
Country
Puzzle
WWE
The Office
hide this ad
More By:
AJWill98
Quiz
Plays
Rating
Category
Featured
Created
MCU Quiz
1,385
3.29
Movies
Jun 1, 2017
Red Dead Redemption 2 Gang Members
899
5.00
Gaming
Feb 22, 2019
DCEU Quiz
671
3.00
Movies
Jun 2, 2017
Batman Arkham Knight Characters
610
3.00
Gaming
Jun 3, 2017
Manchester United Top 50 Goal Scorers
219
Sports
Jul 10, 2017
Go to Creator's Profile
Score Distribution
Quiz Creator Spotlight
AJWill98
Follow
Send a Message
Quizzes Created
-
Created Quiz Play Count
-
More By This Creator
Popular Quizzes Today
1
Find the 'City' Movie
2
5x2 Blitz: Bands
3
Colored Red Africa Blitz
4
Find the US States - No Outlines Minefield
5
The Countries of the World
6
Find the US States
7
9x9 Crossword: Cartoon Network
8
US States
More Movies Quizzes
Pirates of the Caribbean Title Minefield
Curator's Pick
Trending Quizzes
Colored Red Europe Blitz I
Colored Red Africa Blitz II
Colored Red Europe Blitz III
Colored Red Europe Blitz II
Colored Red Africa Blitz III
Recently Updated
Champions League XIs: Real Madrid
pecheneg
Largest US Cities 1790-2010
pecheneg
Rides in Walt Disney World
pecheneg
Most Oscar Losses (Acting)
pecheneg
Beyoncé Albums
pecheneg
Leaping Animals
pecheneg
Reality TV Shows (A-Z)
bhenderson79
Rickey Henderson's Hall of Fame Teammates
pecheneg
Champions League XIs: Arsenal
pecheneg
Quick Pick: Celebrities in WWE's Hall of Fame
aduchscher
Trending Topics
Marvel
Crossword
Anime
NBA
Disney
Harry Potter
Kpop
Song
WWE
NFL
Puzzle
The Office
Country
Soccer
Pokémon
Your Account Isn't Verified!
In order to create a playlist on Sporcle, you need to verify the email address you used during registration. Go to your
Sporcle Settings
to finish the process.
Report this User
Report this user for behavior that violates our
Community Guidelines
.
Details:
Send Report
Go to the Sporcle.com Mobile Site →
Comments